00249nam a22000977a 4500008004100000082001600041100002100057245003600078260002800114300000900142230704b xxu||||| |||| 00| 0 eng d a341.64bKEK cdr Urho Kekkonen aNeutrality: The Finish position aLondonbHeinemannc1973 a258p